000 00702nam a2200217 i 4500
001 8601
003 ES-MaACL
005 20230906145509.0
007 t|
008 920812s1980 uy ||||1| spa d
020 _a84-89250-12-X
080 _a86.0(899)-34"19"
080 _a86.0(899)(Seluja,A.7 S.01)
100 1 _aSeluja Cecín, Antonio.
_9105348
245 1 3 _aEl Soldado muerto y otros cuentos /
_cAntonio Seluja ; prólogo: Alberto Paganini ; grabados: Manuel Domínguez Nieto.
260 _aMontevideo :
_bGeminis,
_c1980.
300 _a99 p. :
_bil. ;
_c20 cm.
700 1 _aPaganini, Alberto.
_988255
700 1 _aDomínguez Nieto, Manuel.
_945232
852 _aES-MaACL
_jL-16225
_bR.119775
999 _c8601
_d8601